On Conflict (Record no. 9734)

MARC details
000 -LEADER
fixed length control field 00598nam a2200241 a 4500
020 ## - INTERNATIONAL STANDARD BOOK NUMBER
ISBN
082 00 - DEWEY DECIMAL CLASSIFICATION NUMBER
Classification number 181.4
Author Cutter KRI3
100 ## - MAIN ENTRY--AUTHOR NAME
Author name Krishnamurti, J
245 ## - TITLE STATEMENT
Title On Conflict
260 ## - PUBLICATION, DISTRIBUTION, ETC. (IMPRINT)
Place of publication London
Name of publisher Harper Collins
Year of publication 1994
300 ## - PHYSICAL DESCRIPTION
Number of Pages 138p
500 ## - GENERAL NOTE
General note includes index and biblioraphy
505 2# - FORMATTED CONTENTS NOTE
Formatted contents note Bibliography, Sources, Glossary, Abbreviations
650 ## - SUBJECT ADDED ENTRY--TOPICAL TERM
Topical Term Philosophy-Hindu
942 ## - ADDED ENTRY ELEMENTS (KOHA)
Koha item type Books
700 1# -
-- Krishnamurti, J
Holdings
Collection code Home library Current library Date acquired Cost, normal purchase price Full call number Accession Number Koha item type
  Henry Martyn Institute Library Henry Martyn Institute Library 07/31/2007 416.50 181.4 KRI3 018472 Books
                   Copyright © 2026 | Henry Martyn Institute | Hyderabad | TS-500052 | INDIA | Implemented by hmi.edu.in
Hit-Count:

Powered by Koha